书目信息 |
| 题名: |
芦苇丛里的流浪者
|
|
| 作者: | 夏建宏 , 张美 编著 ;杨晓婷 编著 | |
| 分册: | ||
| 出版信息: | 上海 上海科技教育出版社 2012 |
|
| 页数: | 84页 | |
| 开本: | 19cm | |
| 丛书名: | 中国珍稀物种探秘丛书 | |
| 单 册: | ||
| 中图分类: | Q959.708 , Q959.70 | |
| 科图分类: | ||
| 主题词: | 鸟类--介绍--中国 , 鸟类 | |
| 电子资源: | ||
| ISBN: | 978-7-5428-5337-0 | |
| 000 | 01065oam2 2200337 450 | |
| 001 | 2358471736 | |
| 005 | 20231207161529.23 | |
| 010 | @a978-7-5428-5337-0@b精装@dCNY 32.00 | |
| 090 | @aQ959@bxjh | |
| 096 | @aQ959@bxjh | |
| 100 | @a20120521d2012 em y0chiy0120 ea | |
| 101 | 0 | @achi |
| 102 | @aCN@b310000 | |
| 105 | @aa z 000yy | |
| 200 | 1 | @a芦苇丛里的流浪者@b专著@e震旦鸦雀@f夏建宏,杨晓婷,张美编著@zeng@Alu wei cong li de liu lang zhe |
| 210 | @a上海@c上海科技教育出版社@d2012 | |
| 215 | @a84页@c图@d19cm | |
| 225 | 2 | @a中国珍稀物种探秘丛书 |
| 300 | @a上海科普教育发展基金会 上海科技馆 | |
| 330 | @a本书从各个角度描述了震旦鸦雀的外在形态、集群、鸣叫、采食、筑巢、护幼等生活片段。 | |
| 410 | 0 | @1001005350311 |
| 517 | 1 | @a震旦鸦雀@Azhen dan ya que |
| 606 | 0 | @a鸟类@x介绍@y中国 |
| 606 | 0 | @a鸟类 |
| 690 | @aQ959.708@v5 | |
| 690 | @aQ959.70@v4 | |
| 701 | 0 | @a夏建宏@4编著@Axia jian hong |
| 701 | 0 | @a张美@4编著@Azhang mei |
| 702 | 0 | @a杨晓婷@4编著@Ayang xiao ting |
| 801 | 2 | @aCN@b辽宁北配@c20231205 |
| 905 | @aBZT@dQ959.70@e2 | |
| 芦苇丛里的流浪者:震旦鸦雀/夏建宏,杨晓婷,张美编著.-上海:上海科技教育出版社,2012 |
| 84页:图;19cm.-(中国珍稀物种探秘丛书) |
| 上海科普教育发展基金会 上海科技馆 |
| ISBN 978-7-5428-5337-0(精装):CNY 32.00 |
| 本书从各个角度描述了震旦鸦雀的外在形态、集群、鸣叫、采食、筑巢、护幼等生活片段。 |
| ● |
| 相关链接 |
|
|
|
正题名:芦苇丛里的流浪者
索取号:Q959.70/2
 
预约/预借
| 序号 | 登录号 | 条形码 | 馆藏地/架位号 | 状态 | 备注 |
| 1 | 2001553522 | 2001553522 | 辽三/辽宁北配(第三批)/1218/ [索取号:Q959.70/2] | 在馆 | |
| 2 | 2001553523 | 2001553523 | 辽三/辽宁北配(第三批)/1218/ [索取号:Q959.70/2] | 在馆 | |
| 3 | 2001553524 | 2001553524 | 辽三/辽宁北配(第三批)/1218/ [索取号:Q959.70/2] | 在馆 | |
| 4 | 2001553525 | 2001553525 | 辽三/辽宁北配(第三批)/1218/ [索取号:Q959.70/2] | 在馆 | |
| 5 | 2001553526 | 2001553526 | 辽三/辽宁北配(第三批)/1218/ [索取号:Q959.70/2] | 在馆 | |
| 6 | 2001553527 | 2001553527 | 辽三/辽宁北配(第三批)/1218/ [索取号:Q959.70/2] | 在馆 | |
| 7 | 2001553528 | 2001553528 | 辽三/辽宁北配(第三批)/1218/ [索取号:Q959.70/2] | 在馆 | |
| 8 | 2001553529 | 2001553529 | 辽三/辽宁北配(第三批)/1218/ [索取号:Q959.70/2] | 在馆 | |
| 9 | 2001553530 | 2001553530 | 辽三/辽宁北配(第三批)/1218/ [索取号:Q959.70/2] | 在馆 | |
| 10 | 2001553531 | 2001553531 | 辽三/辽宁北配(第三批)/1218/ [索取号:Q959.70/2] | 在馆 | |
| 11 | 2001553532 | 2001553532 | 辽三/辽宁北配(第三批)/1218/ [索取号:Q959.70/2] | 在馆 | |
| 12 | 2001553533 | 2001553533 | 辽三/辽宁北配(第三批)/1218/ [索取号:Q959.70/2] | 在馆 | |
| 13 | 2001553534 | 2001553534 | 辽三/辽宁北配(第三批)/1218/ [索取号:Q959.70/2] | 在馆 | |
| 14 | 2001553535 | 2001553535 | 辽三/辽宁北配(第三批)/1218/ [索取号:Q959.70/2] | 在馆 | |
| 15 | 2001553536 | 2001553536 | 辽三/辽宁北配(第三批)/1218/ [索取号:Q959.70/2] | 在馆 | |
| 16 | 2001553537 | 2001553537 | 辽三/辽宁北配(第三批)/1218/ [索取号:Q959.70/2] | 在馆 | |
| 17 | 2001553538 | 2001553538 | 辽三/辽宁北配(第三批)/1218/ [索取号:Q959.70/2] | 在馆 | |
| 18 | 2001553539 | 2001553539 | 辽三/辽宁北配(第三批)/1218/ [索取号:Q959.70/2] | 在馆 | |
| 19 | 2001553540 | 2001553540 | 辽三/辽宁北配(第三批)/1218/ [索取号:Q959.70/2] | 在馆 | |
| 20 | 2001553541 | 2001553541 | 辽三/辽宁北配(第三批)/1218/ [索取号:Q959.70/2] | 在馆 |